h1

h2

h3

h4

h5
h6
001016220 001__ 1016220
001016220 005__ 20260115090723.0
001016220 0247_ $$2HBZ$$aHT031275489
001016220 0247_ $$2Laufende Nummer$$a44581
001016220 037__ $$aRWTH-2025-06823
001016220 041__ $$aGerman
001016220 082__ $$a610
001016220 1001_ $$0P:(DE-588)1377133117$$aGierse, Marie$$b0$$urwth
001016220 245__ $$aEffekt stehender Ultraschallwellen auf die $\textit{In-Vitro}$-Prävaskularisation in einem parodontalen Gewebemodell$$cvorgelegt von Marie Gierse$$hprint
001016220 260__ $$aAachen$$c2025
001016220 300__ $$aVIII, 104 Seiten : Illustrationen
001016220 3367_ $$02$$2EndNote$$aThesis
001016220 3367_ $$0PUB:(DE-HGF)11$$2PUB:(DE-HGF)$$aDissertation / PhD Thesis$$bphd$$mphd
001016220 3367_ $$2BibTeX$$aPHDTHESIS
001016220 3367_ $$2DRIVER$$adoctoralThesis
001016220 3367_ $$2DataCite$$aOutput Types/Dissertation
001016220 3367_ $$2ORCID$$aDISSERTATION
001016220 502__ $$aDissertation, Rheinisch-Westfälische Technische Hochschule Aachen, 2025$$bDissertation$$cRheinisch-Westfälische Technische Hochschule Aachen$$d2025$$gFak10$$o2025-08-06
001016220 5203_ $$aonline nicht verfügbar$$lger
001016220 520__ $$leng
001016220 588__ $$aDataset connected to Lobid/HBZ
001016220 591__ $$aGermany
001016220 7001_ $$0P:(DE-82)IDM03582$$aFischer, Horst$$b1$$eThesis advisor$$urwth
001016220 7001_ $$0P:(DE-588)135824044$$aKramann, Rafael$$b2$$eThesis advisor$$urwth
001016220 8564_ $$uhttps://digitale-objekte.hbz-nrw.de/storage2/2025/12/10/file_6/10091453.pdf$$yTable of contents
001016220 909CO $$ooai:publications.rwth-aachen.de:1016220$$pVDB
001016220 9141_ $$y2025
001016220 9101_ $$0I:(DE-588b)36225-6$$6P:(DE-588)1377133117$$aRWTH Aachen$$b0$$kRWTH
001016220 9101_ $$0I:(DE-588b)36225-6$$6P:(DE-82)IDM03582$$aRWTH Aachen$$b1$$kRWTH
001016220 9101_ $$0I:(DE-588b)36225-6$$6P:(DE-588)135824044$$aRWTH Aachen$$b2$$kRWTH
001016220 9201_ $$0I:(DE-82)542000-2_20140620$$k542000-2 ; 937710$$lKlinik und Lehrstuhl für zahnärztliche Prothetik, Implantologie und Biomaterialien$$x0
001016220 961__ $$c2025-11-24T14:31:33.803971$$x2025-08-12T20:39:29.326871$$z2025-11-24T14:31:33.803971
001016220 980__ $$aI:(DE-82)542000-2_20140620
001016220 980__ $$aUNRESTRICTED
001016220 980__ $$aVDB
001016220 980__ $$aphd